Kirjaimella N alkavia kaupunkeja kartalla - Statistics

Yleistilastot
  • Tätä visaa on pelattu 1 210 kertaa
  • Keskiarvotulos 12 / 23
Vastaukset kartalla
Vastauksille on annettu kartalla punavihreä väri sen mukaan, kuinka moni on saanut sen oikein.
 
Vastaustilastot
Kaupunki % Oikein
Napoli
87%
New York
85%
Nairobi
79%
Nizza
74%
Nikosia
68%
Nürnberg
66%
Nassau
64%
Nagasaki
59%
Newcastle
59%
New Orleans
56%
Nashville
52%
Novosibirsk
47%
Nanjing
45%
Nižni Novgorod
44%
Niamey
43%
N'Djamena
42%
Nouakchott
37%
Nagoya
36%
Novi Sad
28%
Nanning
23%
Natal
22%
Nagpur
21%
Naha
20%
Ehtoja vastaavia visoja ei löytynyt
Tulosjakauma
Jokaisen tuloksen saaneiden osuus
Persentiili vastausten määrän mukaan
Tuloshistoriasi
Et ole pelannut tätä visaa